Los poderosos lo quieren todo /
Hermógenes Arbusto, a tax consultant and successful businessman, receives a visit from death one day in his office, and reacting quickly, manages to avoid the blow of the scythe, rushing out the door and leaving the reaper locked in behind him.
محفوظ في:
| المؤلف الرئيسي: | |
|---|---|
| التنسيق: | الكتروني كتاب الكتروني |
| اللغة: | الإسبانية |
| منشور في: |
[Madrid] :
Siruela,
[2016]
|
| الطبعة: | Edición en formato digital. |
| سلاسل: | Nuevos tiempos (Madrid, Spain) ;
328. |
| الموضوعات: | |
| الوصول للمادة أونلاين: | Digitalia Hispánica |
| الوسوم: |
إضافة وسم
لا توجد وسوم, كن أول من يضع وسما على هذه التسجيلة!
|
MARC
| LEADER | 00000nam a2200000Ii 4500 | ||
|---|---|---|---|
| 001 | DIGSIRLA0476 | ||
| 003 | NyNyDIG | ||
| 006 | m o d | ||
| 008 | 170413s2016 sp o 000 f spa d | ||
| 007 | cr ||||||||||| | ||
| 035 | |a (OCoLC)951671841 | ||
| 040 | |a DGITA |b eng |e rda |e pn |c DGITA | ||
| 020 | |a 9788416638413 |q (eBook ; |q ePub) | ||
| 020 | |a 8416638411 |q (eBook ; |q ePub) | ||
| 020 | |a 9788416638420 |q (eBook ; |q Kindle) | ||
| 020 | |a 841663842X |q (eBook ; |q Kindle) | ||
| 020 | |z 9788416396719 | ||
| 020 | |z 841639671X | ||
| 050 | 1 | 4 | |a PQ6657.U37 ebook |
| 082 | 0 | 4 | |a 863.64 |
| 100 | 1 | |a Guelbenzu, José María, |d 1944- |e author. | |
| 245 | 1 | 4 | |a Los poderosos lo quieren todo / |c José María Guelbenzu. |
| 250 | |a Edición en formato digital. | ||
| 264 | 1 | |a [Madrid] : |b Siruela, |c [2016] | |
| 300 | |a 1 online resource. | ||
| 336 | |a text |2 rdacontent | ||
| 337 | |a computer |b c |2 rdamedia | ||
| 338 | |a online resource |b cr |2 rdacarrier | ||
| 490 | 1 | |a Nuevos tiempos ; |v 328 | |
| 520 | |a Hermógenes Arbusto, a tax consultant and successful businessman, receives a visit from death one day in his office, and reacting quickly, manages to avoid the blow of the scythe, rushing out the door and leaving the reaper locked in behind him. | ||
| 588 | 0 | |a Online resource; title from ePub title page (Digitalia, viewed April 14, 2017) | |
| 650 | 0 | |a Death |v Fiction. | |
| 655 | 0 | |a Electronic books. | |
| 791 | 2 | |a Digitalia (Firm), |e distributor. | |
| 793 | 0 | |g Digitalia eBook Collection: |a Siruela | |
| 776 | 0 | 8 | |i Print version: |a Guelbenzu, José María, 1944- |t Poderosos lo quieren todo. |d Madrid : Siruela, [2016] |z 9788416396719 |w (DLC) 2016380602 |w (OCoLC)937390815 |
| 830 | 0 | |a Nuevos tiempos (Madrid, Spain) ; |v 328. | |
| 856 | 4 | 0 | |3 Digitalia Hispánica |u https://digitalia.unach.elogim.com/a/44769/ |
| 910 | |a Premium collection: 2017 | ||